Cuatro siglos de esclavitud trasatlántica (Registro nro. 306889)

Detalles MARC
000 -ENCABEZADO
Número de control [NR] 00836 a2200241 4500
005 - FECHA Y HORA DE LA ÚLTIMA TRANSACCIÓN
control field 20170707113259.0
008 - DE LONGITUD FIJA DE DATOS DE ELEMENTOS - INFORMACIÓN GENERAL
Elementos de longitud fija [NR] 170707s2017 sp ||||| |||| 00| 0 spa d
020 ## - NUMERO INTERNACIONAL NORMALIZADO PARA LIBROS [R]
Número Internacional Normalizado del libro [NR] 9788416771523
020 ## - NUMERO INTERNACIONAL NORMALIZADO PARA LIBROS [R]
ISBN Cancelado/ Invalidado [R] 9789584259066
040 ## - FUENTE DE CATALOGACION [NR]
Agencia de catalogación original [NR] CO-BoUCM
Idioma de catalogación [NR] spa
Quien Cataloga Saul Niño
Quien Clasifica Saul Niño
041 0# - CODIGO DE IDIOMA [R]
Código de idioma para texto/pista de sonido o título separado [R] Español
100 10 - ASIENTO PRINCIPAL--NOMBRE PERSONAL [NR]
Nombre personal [NR] Morgan, Kenneth
ID Autoridad 86508
245 10 - MENCION DE TITULO [NR]
Título [NR] Cuatro siglos de esclavitud trasatlántica
Mención de responsabilidad, etc. [NR] Kenneth Morgan ; Traducción castellana de Carmen Castells
260 ## - PUBLICACION, DISTRIBUCION, ETC. (PIE DE IMPRENTA) [R]
Lugar de publicación, distribución, etc. [R] Barcelona
Nombre del editor, distribuidor, etc. [R] Crítica
-- Planeta
Fecha de publicación, distribución, etc. [R] 2017
300 ## - DESCRIPCION FISICA [R]
Extensión [R] 286 páginas
490 0# - MENCION DE SERIE [R]
Mención de serie [R] Libros de historia
650 #7 - ASIENTO SECUNDARIO DE MATERIA - TERMINO TEMATICO [R]
9 (RLIN) 14758
Término temático o nombre geográfico como elemento de entrada [NR] Esclavitud
Subdivisión general [R] Historia
650 #7 - ASIENTO SECUNDARIO DE MATERIA - TERMINO TEMATICO [R]
9 (RLIN) 13996
Término temático o nombre geográfico como elemento de entrada [NR] Emancipación de los esclavos
Subdivisión general [R] Historia
700 1# - ASIENTO SECUNDARIO - NOMBRE PERSONAL [R]
Nombre personal [NR] Castells, Carmen
Término de relación [R] traductor
9 (RLIN) 86509
765 ## - ASIENTO DE IDIOMA ORIGINAL [R]
Título [NR] Transatlantic slavery
942 ## - ELEMENTOS DE ENTRADA AGREGADOS (KOHA)
Tipo de ítem principal el descrito en 300a Libro
Sistema de clasificación DEWEY
Tema principal Historia
Edición 1
Clasificación 306.362
Parte restante de la signatura top. M847c
Existencias
Fecha de último préstamo Total préstamos Signatura topográfica Código de barras Última vez visto Ejemplar Costo de reposición Price effective from Tipo de ítem Perdido Sistema de clasificación Dañado No prestable Tipo de ítem específico Suprimido Ubicación habitual Ubicación actual Localización Fecha de creación Proveedor Forma de adquisición Costo
25/02/2019 4 306.362 M847c 100153483 09/12/2025 Ej.1 26000.00 27/06/2017 Libro   DEWEY     Libro   Claustro Claustro 2do piso 27/06/2017 12 Donación 0.00